Southville International School and Colleges
Your cart is empty.
  • Cart
  • Lists
    Public lists Eva Luna New books Lux_list list_1
    Your lists Log in to create your own lists
  • Log in to your account
  • Your cookies
  • Search history
Southville International School and Colleges
  • Advanced search
  • Recent comments
  • Most popular
  • Libraries

Log in to your account

Log in with GOOGLE


If you do not have an external account, but do have a local account, you can still log in:

  1. Home
  2. MARC view: Prentice-Hall grammar and composition. Level 4 /
Normal view MARC view ISBD view

Prentice-Hall grammar and composition. Level 4 / (Record no. 12117)

[ view plain ]
MARC details
000 -LEADER
fixed length control field 00638nam a22002057a 4500
003 - CONTROL NUMBER IDENTIFIER
control field OSt
005 - DATE AND TIME OF LATEST TRANSACTION
control field 20140310182339.0
008 - FIXED-LENGTH DATA ELEMENTS--GENERAL INFORMATION
fixed length control field 130925t xxu||||| |||| 00| 0 eng d
020 ## - INTERNATIONAL STANDARD BOOK NUMBER
International Standard Book Number 9812448500
050 ## - LIBRARY OF CONGRESS CALL NUMBER
Classification number PE 1112
Item number .F624 2010
100 ## - MAIN ENTRY--PERSONAL NAME
Personal name Forlini, Gary
9 (RLIN) 10968
245 ## - TITLE STATEMENT
Title Prentice-Hall grammar and composition. Level 4 /
Statement of responsibility, etc Gary Forlini.
260 ## - PUBLICATION, DISTRIBUTION, ETC. (IMPRINT)
Place of publication, distribution, etc Englewood Cliffs, N.J :
Name of publisher, distributor, etc Prentice-Hall, 1
Date of publication, distribution, etc c990.
300 ## - PHYSICAL DESCRIPTION
Extent 912 p. :
Dimensions 21 cm.
500 ## - GENERAL NOTE
General note Includes Index
651 ## - SUBJECT ADDED ENTRY--GEOGRAPHIC NAME
Geographic name English language
General subdivision Grammar.
9 (RLIN) 21697
651 ## - SUBJECT ADDED ENTRY--GEOGRAPHIC NAME
Geographic name English language
General subdivision Composition and exercises.
9 (RLIN) 21698
942 ## - ADDED ENTRY ELEMENTS (KOHA)
Source of classification or shelving scheme Library of Congress Classification
Koha item type
Holdings
Withdrawn status Lost status Source of classification or shelving scheme Damaged status Home library Current library Shelving location Date acquired Total Checkouts Total Renewals Full call number Barcode Date last seen Date checked out Copy number Price effective from Koha item type
    Library of Congress Classification   Luxembourg Library Luxembourg Library Teachers Reference Section 09/25/2013 2 5 PE 1112 .F624 2010 19550 04/23/2024 06/03/2022 1 09/25/2013 Books

Prentice-Hall grammar and composition. Level 4 /

APA

Forlini G., . (990). Prentice-Hall grammar and composition. Level 4. Englewood Cliffs, N.J: Prentice-Hall, 1.

Chicago

Forlini Gary, . 990. Prentice-Hall grammar and composition. Level 4. Englewood Cliffs, N.J: Prentice-Hall, 1.

Harvard

Forlini G., . (990). Prentice-Hall grammar and composition. Level 4. Englewood Cliffs, N.J: Prentice-Hall, 1.

MLA

Forlini Gary, . Prentice-Hall grammar and composition. Level 4. Englewood Cliffs, N.J: Prentice-Hall, 1. 990.

  • Place hold
  • Print
  • Cite
  • Add to your cart (remove)
  • Save record
    BIBTEX Dublin Core MARCXML MARC (non-Unicode/MARC-8) MARC (Unicode/UTF-8) MARC (Unicode/UTF-8, Standard) MODS (XML) RIS
  • More searches
    Search for this title in:
    Other Libraries (WorldCat) Other Databases (Google Scholar) Online Stores (Bookfinder.com) Open Library (openlibrary.org)

Exporting to Dublin Core...

SOUTHVILLE LIBRARY

Southville International School and Colleges Library

1281 Tropical Ave. Cor. Luxembourg St., BF Homes International, Las Pinas City

Tel. No. 8256374 / 252358 Loc. 117/146

Powered by Koha